[Event "GER-chT U20"]
[Site "Osnabrueck"]
[Date "2010.12.27"]
[Round "2.1"]
[White "Borgmeyer, Max"]
[Black "Schneider, David"]
[Result "0-1"]
[WhiteElo "2120"]
[BlackElo "2206"]
[PlyCount "59"]
[EventDate "2010.12.27"]
[EventType "team-swiss"]
[EventRounds "7"]
[EventCountry "GER"]
[SourceTitle "CBM 140 Extra"]
[Source "ChessBase"]
[SourceDate "2011.03.01"]
[SourceVersion "1"]
[SourceVersionDate "2011.03.01"]
[SourceQuality "1"]
[WhiteTeam "Koenigsspringer"]
[BlackTeam "Grossenseebach"]
[WhiteTeamCountry "GER"]
[BlackTeamCountry "GER"]

1. e4 c5 2. Nf3 e6 3. d4 cxd4 4. Nxd4 a6 5. Bd3 Bc5 6. Nb3 Be7 7. 0-0 Qc7 8. Qg4 g6 9. Qe2 d6 10. Bd2 Nf6 11. Nc3 Nbd7 12. Rae1 0-0 13. a4 b6 14. f4 Bb7 15. Kh1 Rfe8 16. Nd4 Bf8 17. Nf3 Bg7 18. Qf2 Nc5 19. Qh4 d5 20. exd5 Nxd3 21. cxd3 Bxd5 22. Ne4 Qd8 23. Qh3 Bb7 24. Bc3 Bxe4 25. dxe4 Qd3 26. Bxf6 Bxf6 27. e5 Be7 28. Rd1 Qf5 29. Rd7 Rad8 30. Rc7 0-1

[Event "GER-chT U20"]
[Site "Chemnitz"]
[Date "2009.12.27"]
[Round "1.2"]
[White "Schneider, David"]
[Black "Paul, Johannes"]
[Result "1-0"]
[WhiteElo "2273"]
[BlackElo "2142"]
[PlyCount "61"]
[EventDate "2009.12.27"]
[EventType "team-swiss"]
[EventRounds "7"]
[EventCountry "GER"]
[SourceTitle "EXT 2022"]
[Source "ChessBase"]
[SourceDate "2021.10.06"]
[SourceVersion "1"]
[SourceVersionDate "2021.10.06"]
[SourceQuality "1"]
[WhiteTeam "Grossenseebach U20"]
[BlackTeam "Magdeburg Aufbau Elbe U20"]
[WhiteTeamCountry "GER"]
[BlackTeamCountry "GER"]

1. e4 c5 2. Nf3 Nc6 3. Bb5 g6 4. Bxc6 dxc6 5. d3 Bg7 6. h3 Nf6 7. Nc3 0-0 8. Be3 Nd7 9. Qd2 e5 10. Bh6 Qe7 11. Nh2 Re8 12. Bxg7 Kxg7 13. Ng4 Nf8 14. Qh6+ Kh8 15. 0-0-0 f6 16. g3 Ne6 17. f4 Nd4 18. Rdf1 Bxg4 19. hxg4 Qg7 20. Qh4 b5 21. Rf2 exf4 22. gxf4 g5 23. Qh2 Re7 24. Ne2 Rg8 25. f5 Nxe2+ 26. Rxe2 Rge8 27. Rhe1 Re5 28. Rd2 Qe7 29. Red1 b4 30. Kb1 a5 31. b3 1-0

[Event "GER-chT U20"]
[Site "Arendsee"]
[Date "2008.12.28"]
[Round "4.1"]
[White "Mazarov, Juergen"]
[Black "Schneider, David"]
[Result "0-1"]
[WhiteElo "2139"]
[BlackElo "2218"]
[PlyCount "84"]
[EventDate "2008.12.27"]
[EventType "team-swiss"]
[EventRounds "7"]
[EventCountry "GER"]
[SourceTitle "CBM 128 Extra"]
[Source "ChessBase"]
[SourceDate "2009.03.05"]
[SourceVersion "2"]
[SourceVersionDate "2009.03.25"]
[SourceQuality "1"]
[WhiteTeam "Bochum"]
[BlackTeam "Grossenseebach"]
[WhiteTeamCountry "GER"]
[BlackTeamCountry "GER"]

1. e4 c5 2. Nf3 e6 3. d4 cxd4 4. Nxd4 a6 5. Bd3 Bc5 6. Nb3 Be7 7. Qg4 g6 8. Qe2 d6 9. 0-0 Nd7 10. f4 Qc7 11. Bd2 Ngf6 12. Nc3 b5 13. Rae1 b4 14. Nd1 e5 15. Kh1 a5 16. fxe5 dxe5 17. Bh6 Bf8 18. Bxf8 Kxf8 19. Qf2 Kg7 20. Re3 Qb6 21. Rf3 Qxf2 22. R3xf2 Rf8 23. Ne3 Bb7 24. Nd2 Ne8 25. Bc4 Nd6 26. Bd5 Bxd5 27. Nxd5 Rfc8 28. c3 bxc3 29. Nxc3 Nc5 30. Rf6 Rd8 31. R6f2 Nd3 32. Re2 Nxb2 33. Nd5 Nd3 34. Nf6 Nf4 35. Rxf4 exf4 36. e5 Nc4 37. Nfe4 Nxd2 38. Nxd2 Rd5 39. Kg1 Re8 40. Nf3 h6 41. g3 fxg3 42. hxg3 Rc8 0-1

[Event "Pardubice Chladek&Tintera op-A 19th"]
[Site "Pardubice"]
[Date "2008.07.22"]
[Round "5"]
[White "Krapivin, Vladislav"]
[Black "Schneider, David"]
[Result "1/2-1/2"]
[WhiteElo "2385"]
[BlackElo "2251"]
[PlyCount "152"]
[EventDate "2008.07.18"]
[EventType "swiss"]
[EventRounds "9"]
[EventCountry "CZE"]
[SourceTitle "CBM 125 Extra"]
[Source "ChessBase"]
[SourceDate "2008.09.01"]
[SourceVersion "1"]
[SourceVersionDate "2008.09.01"]
[SourceQuality "1"]

1. e4 c5 2. Nc3 Nc6 3. g3 g6 4. Bg2 Bg7 5. d3 d6 6. f4 e6 7. Nf3 Nge7 8. 0-0 0-0 9. Be3 Rb8 10. Rb1 b5 11. a3 Nd4 12. e5 Nef5 13. Bf2 Nxf3+ 14. Bxf3 dxe5 15. fxe5 Bxe5 16. Bxc5 Bd4+ 17. Bxd4 Nxd4 18. Ne4 Qb6 19. Rf2 Nxf3+ 20. Qxf3 f5 21. Qf4 e5 22. Qh6 Bb7 23. Ng5 Rf7 24. Re1 Qc6 25. Kf1 Rc7 26. c3 Qd5 27. Ke2 Rd8 28. Rd1 Qb3 29. Ke1 e4 30. d4 Re7 31. Re2 a5 32. Nh3 b4 33. axb4 axb4 34. Qd2 e3 35. Rxe3 Rxe3+ 36. Qxe3 Bc6 37. Kf2 Re8 38. Qd3 Qxb2+ 39. Rd2 Qxc3 40. Qxc3 bxc3 41. Rc2 Bb5 42. Nf4 Re4 43. Rxc3 Rxd4 44. Rc8+ Kf7 45. Rc7+ Rd7 46. Rxd7+ Bxd7 47. h4 Bc6 48. Ke3 Kf6 49. Kd4 Bf3 50. Ke3 Bc6 51. Kd4 h6 52. Ke3 Bb7 53. Kd4 Bc6 54. Ke3 Be8 55. Kd4 Bf7 56. Nh3 Bb3 57. Nf4 g5 58. Nh3 Bd1 59. hxg5+ hxg5 60. Nf2 Bc2 61. Kc3 Ba4 62. Kd4 Bb5 63. Kc5 Be2 64. Kd4 Ke6 65. Ke3 Bf1 66. Kd4 Bg2 67. Nd3 Kd6 68. Nf2 Bf1 69. Nd1 Ke6 70. Nf2 Kf6 71. Nd1 Bb5 72. Nf2 Ba4 73. Nd3 Bc2 74. Nf2 Ba4 75. Nd3 Bc2 76. Nf2 Ba4 1/2-1/2

[Event "Seebach op 19th"]
[Site "Grossenseebach"]
[Date "2008.05.25"]
[Round "7"]
[White "Schneider, David"]
[Black "Belzner, Helmut"]
[Result "1-0"]
[WhiteElo "2199"]
[BlackElo "2021"]
[PlyCount "105"]
[EventDate "2008.05.25"]
[EventType "swiss"]
[EventRounds "7"]
[EventCountry "GER"]
[SourceTitle "EXT 2018"]
[Source "ChessBase"]
[SourceDate "2017.10.13"]
[SourceVersion "1"]
[SourceVersionDate "2017.10.13"]
[SourceQuality "1"]

1. e4 e6 2. d4 d5 3. e5 c5 4. c3 Qb6 5. Nf3 Bd7 6. a3 Bb5 7. c4 Bxc4 8. Bxc4 dxc4 9. d5 Ne7 10. d6 Nd5 11. Qa4+ Qc6 12. Qxc4 Nd7 13. Nc3 N7b6 14. Qg4 Nxc3 15. bxc3 Qa4 16. Qxa4+ Nxa4 17. Rb1 0-0-0 18. Ng5 Rd7 19. Ne4 h6 20. Be3 b6 21. c4 f5 22. Ng3 Rf7 23. Nh5 g5 24. f4 Nc3 25. Rb3 Ne4 26. a4 Rhh7 27. 0-0 Rb7 28. Rfb1 Rhf7 29. Kf1 Bg7 30. Ke2 Kd7 31. a5 Kc6 32. axb6 Rxb6 33. Kd3 gxf4 34. Bxf4 Nf2+ 35. Ke2 Ne4 36. R1b2 Bf8 37. Kd3 Nf2+ 38. Ke2 Ne4 39. Ke3 Nc3 40. Kd3 Ne4 41. Rxb6+ axb6 42. Ra2 Kb7 43. Ra3 Rd7 44. Ke2 Rf7 45. Ng3 Ng5 46. h4 Nh7 47. Nh5 b5 48. cxb5 Kb6 49. Ra8 Kxb5 50. Rc8 Ra7 51. Rc7 Ra2+ 52. Kf3 Ra3+ 53. Kf2 1-0

[Event "Seebach op 19th"]
[Site "Grossenseebach"]
[Date "2008.05.22"]
[Round "2"]
[White "Vogiatzis, Dimitrios"]
[Black "Schneider, David"]
[Result "1/2-1/2"]
[WhiteElo "1980"]
[BlackElo "2199"]
[PlyCount "97"]
[EventDate "2008.05.25"]
[EventType "swiss"]
[EventRounds "7"]
[EventCountry "GER"]
[SourceTitle "EXT 2018"]
[Source "ChessBase"]
[SourceDate "2017.10.13"]
[SourceVersion "1"]
[SourceVersionDate "2017.10.13"]
[SourceQuality "1"]

1. f4 d5 2. Nf3 Nf6 3. e3 e6 4. d4 Bd6 5. Bd3 b6 6. c3 0-0 7. Qe2 Bb7 8. 0-0 Qc8 9. b3 c5 10. Ne5 Ba6 11. Bb2 Bxd3 12. Nxd3 Ne4 13. Rc1 Nd7 14. Nd2 Nxd2 15. Qxd2 c4 16. Nf2 f5 17. Kh1 Nf6 18. Qe2 b5 19. b4 a5 20. a3 Qe8 21. g4 fxg4 22. Nxg4 Qg6 23. Nxf6+ Rxf6 24. Rg1 Qe4+ 25. Qg2 Qxg2+ 26. Rxg2 Kf7 27. Rag1 Rg6 28. Bc1 Rxg2 29. Kxg2 axb4 30. cxb4 Be7 31. Kf3 Bf6 32. Rg2 h5 33. h3 Rh8 34. Bb2 Rh6 35. Bc3 Rg6 36. Rxg6 Kxg6 37. e4 Bh4 38. Ke3 Kf6 39. Kf3 g6 40. e5+ Kf5 41. Bd2 Bd8 42. Bc1 Be7 43. Bd2 Bh4 44. Ke3 g5 45. fxg5 Bxg5+ 46. Ke2 Bd8 47. Kf3 Bh4 48. Ke3 Bd8 49. Kf3 1/2-1/2

[Event "Regionalliga NO 0708"]
[Site "Bayern"]
[Date "2008.03.09"]
[Round "7.1"]
[White "Fischer, Gerd"]
[Black "Schneider, David"]
[Result "1/2-1/2"]
[WhiteElo "2030"]
[BlackElo "2247"]
[PlyCount "92"]
[EventDate "2007.10.21"]
[EventType "team-tourn"]
[EventRounds "9"]
[EventCountry "GER"]
[SourceTitle "EXT 2009"]
[Source "ChessBase"]
[SourceDate "2008.11.26"]
[SourceVersion "1"]
[SourceVersionDate "2008.11.26"]
[SourceQuality "1"]
[WhiteTeam "Gunzenhausen"]
[BlackTeam "Grossenseebach"]
[WhiteTeamCountry "GER"]
[BlackTeamCountry "GER"]

1. e4 c5 2. Nf3 e6 3. d4 cxd4 4. Nxd4 a6 5. c4 Nf6 6. Nc3 Qc7 7. Be3 Bb4 8. Bd3 Bxc3+ 9. bxc3 b6 10. 0-0 Bb7 11. f3 d6 12. Qe1 Nbd7 13. Rb1 0-0 14. Qg3 Ne5 15. Be2 Rab8 16. Rb4 Ng6 17. Rfb1 Nd7 18. h4 Kh8 19. h5 Nge5 20. Nc2 Ba8 21. Qf2 Nc5 22. Rd1 h6 23. Rbb1 Na4 24. Bd4 Nd7 25. Nb4 Bb7 26. Qe1 Ndc5 27. Be3 f6 28. Qd2 Rbd8 29. Nd3 Nxd3 30. Bxd3 Nc5 31. Be2 Bc6 32. Qb2 Rb8 33. Qa3 a5 34. Rd2 Rfd8 35. Qc1 Be8 36. g4 Bf7 37. Bf1 Rd7 38. Rg2 Qd8 39. Bxh6 Qf8 40. Be3 Kg8 41. Qe1 Kh8 42. h6 g6 43. Qh4 g5 44. Qe1 Qd8 45. Qd1 Qc7 46. Rb5 Rdd8 1/2-1/2

[Event "Regionalliga NO 0708"]
[Site "Bayern"]
[Date "2008.02.17"]
[Round "6.1"]
[White "Schneider, David"]
[Black "Vagner, Tomas"]
[Result "1-0"]
[WhiteElo "2247"]
[BlackElo "2216"]
[PlyCount "45"]
[EventDate "2007.10.21"]
[EventType "team-tourn"]
[EventRounds "9"]
[EventCountry "GER"]
[SourceTitle "EXT 2009"]
[Source "ChessBase"]
[SourceDate "2008.11.26"]
[SourceVersion "1"]
[SourceVersionDate "2008.11.26"]
[SourceQuality "1"]
[WhiteTeam "Grossenseebach"]
[BlackTeam "Erlangen"]
[WhiteTeamCountry "GER"]
[BlackTeamCountry "GER"]

1. e4 c5 2. Nf3 Nc6 3. Bb5 Nd4 4. Bc4 e6 5. Nxd4 cxd4 6. 0-0 Bc5 7. d3 Ne7 8. Bg5 0-0 9. Qh5 b6 10. a3 a5 11. Nd2 Bb7 12. Rae1 Rc8 13. Bb3 b5 14. f4 a4 15. Ba2 f6 16. Bh4 Bxa3 17. bxa3 Rxc2 18. Bb1 Rb2 19. Qc5 Ng6 20. Bg3 Qa5 21. Nc4 Qc3 22. Rc1 Rc8 23. Qxc8+ 1-0

[Event "GER-chT U20"]
[Site "Kelheim"]
[Date "2007.12.27"]
[Round "1.1"]
[White "Schneider, David"]
[Black "Schmitt, Philipp"]
[Result "1-0"]
[WhiteElo "2271"]
[BlackElo "1892"]
[PlyCount "119"]
[EventDate "2007.12.27"]
[EventType "team-swiss"]
[EventRounds "7"]
[EventCountry "GER"]
[SourceTitle "EXT 2022"]
[Source "ChessBase"]
[SourceDate "2021.10.06"]
[SourceVersion "1"]
[SourceVersionDate "2021.10.06"]
[SourceQuality "1"]
[WhiteTeam "Grossenseebach U20"]
[BlackTeam "Bad Mergentheim U20"]
[WhiteTeamCountry "GER"]
[BlackTeamCountry "GER"]

1. e4 e6 2. d4 d5 3. e5 c5 4. c3 Qb6 5. Nf3 Nc6 6. a3 Bd7 7. b4 cxd4 8. cxd4 Rc8 9. Be3 Nge7 10. Bd3 Nf5 11. 0-0 Be7 12. Bxf5 exf5 13. Qd3 Be6 14. Nc3 0-0 15. Rfc1 Qd8 16. Na4 b6 17. Qd2 Qd7 18. Nb2 Rfe8 19. Nd3 Rc7 20. Nf4 Rec8 21. Nh5 Bf8 22. Bh6 Qd8 23. Bg5 Be7 24. h4 Bxg5 25. hxg5 Ne7 26. g3 Ng6 27. Kg2 Rxc1 28. Rxc1 Rxc1 29. Qxc1 Qc8 30. Qxc8+ Bxc8 31. Ne1 Ba6 32. Nc2 Bc8 33. Ne3 Be6 34. Kf1 Kf8 35. Ke2 Kg8 36. Kd3 Kf8 37. b5 Ne7 38. Kc3 g6 39. Nf6 Kg7 40. Ne8+ Kf8 41. Nf6 Kg7 42. Kb4 h6 43. Ne8+ Kh7 44. f4 hxg5 45. fxg5 Kg8 46. Nc7 Kf8 47. a4 Kg8 48. a5 Kf8 49. a6 Kg8 50. Ng2 Kg7 51. Nf4 Kf8 52. Ka4 Kg7 53. Nfxe6+ fxe6 54. Nxe6+ Kf7 55. Nc7 Nc8 56. Nxd5 Ke6 57. Nf4+ Kf7 58. d5 Ne7 59. Kb4 Ke8 60. d6 1-0

[Event "Regionalliga NO 0708"]
[Site "Bayern"]
[Date "2007.10.21"]
[Round "1.1"]
[White "Hlavac, Rudolf"]
[Black "Schneider, David"]
[Result "1/2-1/2"]
[WhiteElo "2069"]
[BlackElo "2271"]
[PlyCount "121"]
[EventDate "2007.10.21"]
[EventType "team-tourn"]
[EventRounds "9"]
[EventCountry "GER"]
[SourceTitle "EXT 2009"]
[Source "ChessBase"]
[SourceDate "2008.11.26"]
[SourceVersion "1"]
[SourceVersionDate "2008.11.26"]
[SourceQuality "1"]
[WhiteTeam "Weiden"]
[BlackTeam "Grossenseebach"]
[WhiteTeamCountry "GER"]
[BlackTeamCountry "GER"]

1. e4 c5 2. Nf3 e6 3. d4 cxd4 4. Nxd4 a6 5. c4 Nf6 6. Bd3 Nc6 7. Nxc6 dxc6 8. 0-0 e5 9. Qc2 Bc5 10. Nd2 Be6 11. Nb3 Nd7 12. Rd1 Qe7 13. Nxc5 Nxc5 14. Be3 a5 15. b3 0-0 16. Qc3 f6 17. Rd2 Rfd8 18. Rad1 b6 19. Bc2 Qc7 20. a3 Rxd2 21. Rxd2 Nb7 22. c5 b5 23. g3 Rd8 24. f4 Rxd2 25. Qxd2 Qd7 26. Qc3 exf4 27. gxf4 Bh3 28. f5 Bg4 29. Kg2 Bd1 30. Bd3 Qf7 31. b4 axb4 32. axb4 Qa2+ 33. Kg3 h5 34. Qd2 Qxd2 35. Bxd2 Nd8 36. Bf4 Nf7 37. Kh4 Kf8 38. Bb1 Ke7 39. Kg3 Bb3 40. Bd3 Ne5 41. Bxe5 fxe5 42. Be2 Bc2 43. Bf3 Kf6 44. Kh4 Bd3 45. Kxh5 Bb1 46. Kh4 Bc2 47. Kg3 Bb3 48. Kf2 Kg5 49. Ke3 Kh4 50. h3 Bf7 51. Bg4 Be8 52. Kf2 Kg5 53. Kg3 Kf6 54. Kh4 g6 55. fxg6 Bxg6 56. Bf5 Bxf5 57. exf5 Kxf5 58. Kg3 Ke4 59. h4 Kd3 60. Kf2 Kd2 61. Kf3 1/2-1/2

[Event "Pardubice Czech op"]
[Site "Pardubice"]
[Date "2007.07.23"]
[Round "4"]
[White "Schneider, David"]
[Black "Jirka, Jiri"]
[Result "0-1"]
[WhiteElo "2199"]
[BlackElo "2398"]
[PlyCount "66"]
[EventDate "2007.07.20"]
[EventType "swiss"]
[EventRounds "9"]
[EventCountry "CZE"]
[SourceTitle "CBM 119 Extra"]
[Source "ChessBase"]
[SourceDate "2007.09.04"]
[SourceVersion "1"]
[SourceVersionDate "2007.09.04"]
[SourceQuality "1"]

1. e4 e5 2. Nf3 Nc6 3. Bb5 Nd4 4. Nxd4 exd4 5. Bc4 Nf6 6. e5 d5 7. Be2 Nd7 8. f4 Bc5 9. d3 Qh4+ 10. g3 Qe7 11. Bf3 c6 12. 0-0 0-0 13. Re1 Re8 14. Re2 Nf8 15. Nd2 Bh3 16. Nb3 Bb6 17. Bd2 f6 18. exf6 Qxf6 19. Qe1 Bd7 20. a4 Ne6 21. a5 Bc7 22. Qf2 Rf8 23. Bb4 Bxf4 24. Rxe6 Qxe6 25. gxf4 Rxf4 26. Nxd4 Qf7 27. Bc5 Re8 28. Kh1 Bg4 29. Rf1 b6 30. axb6 axb6 31. Bxb6 Rf8 32. Kg2 Qg6 33. Bxd5+ Be6+ 0-1

[Event "Regionalliga NO 0607"]
[Site "Bayern"]
[Date "2007.04.22"]
[Round "9.1"]
[White "Fischer, Gerd"]
[Black "Schneider, David"]
[Result "1-0"]
[WhiteElo "2080"]
[BlackElo "2164"]
[PlyCount "63"]
[EventDate "2006.10.15"]
[EventType "team-tourn"]
[EventRounds "9"]
[EventCountry "GER"]
[SourceTitle "EXT 2008"]
[Source "ChessBase"]
[SourceDate "2007.11.25"]
[SourceVersion "1"]
[SourceVersionDate "2007.11.25"]
[SourceQuality "1"]
[WhiteTeam "Gunzenhausen"]
[BlackTeam "Grieseebach"]
[WhiteTeamCountry "GER"]
[BlackTeamCountry "GER"]

1. e4 c5 2. d4 cxd4 3. Nf3 e6 4. Nxd4 a6 5. c4 Nf6 6. Nc3 Qc7 7. Be3 d6 8. Be2 Nbd7 9. 0-0 b6 10. Rc1 Bb7 11. f3 Be7 12. Qe1 0-0 13. Qg3 Rac8 14. Nd5 Qd8 15. Nxe7+ Qxe7 16. Rfd1 Rfd8 17. b4 Nh5 18. Qh3 g6 19. g4 Ng7 20. Bf2 e5 21. Nb3 Ne6 22. Be3 Nf4 23. Qf1 g5 24. Rd2 Rc6 25. Rcd1 Ne6 26. a4 Rdc8 27. b5 axb5 28. axb5 R6c7 29. Rxd6 Nd4 30. Nxd4 Qxd6 31. Nf5 Qg6 32. Ne7+ 1-0

[Event "GER-chT U16"]
[Site "Bendorf"]
[Date "2006.12.28"]
[Round "3.1"]
[White "Zelbel, Patrick"]
[Black "Schneider, David"]
[Result "1/2-1/2"]
[WhiteElo "2019"]
[BlackElo "2202"]
[PlyCount "45"]
[EventDate "2006.12.27"]
[EventType "team-swiss"]
[EventRounds "7"]
[EventCountry "GER"]
[SourceTitle "EXT 2008"]
[Source "ChessBase"]
[SourceDate "2007.11.25"]
[SourceVersion "1"]
[SourceVersionDate "2007.11.25"]
[SourceQuality "1"]
[WhiteTeam "Brackel"]
[BlackTeam "Grossenseebach"]
[WhiteTeamCountry "GER"]
[BlackTeamCountry "GER"]

1. e4 e5 2. Nf3 Nf6 3. Nxe5 d6 4. Nf3 Nxe4 5. Nc3 Nxc3 6. dxc3 Be7 7. Bf4 Nd7 8. Qe2 0-0 9. 0-0-0 Nc5 10. Be3 c6 11. Kb1 Ne4 12. Qe1 Bf6 13. Bd3 Re8 14. Bxe4 Rxe4 15. Qd2 d5 16. Rhe1 Bf5 17. Nd4 Bg6 18. f3 Re8 19. Nb3 b6 20. Bd4 Be7 21. Bf2 Bf6 22. Bd4 Be7 23. Bf2 1/2-1/2

[Event "GER-chT U16"]
[Site "Bendorf"]
[Date "2006.12.27"]
[Round "2.1"]
[White "Schneider, David"]
[Black "Rudolf, Sebastian"]
[Result "1/2-1/2"]
[WhiteElo "2202"]
[BlackElo "2028"]
[PlyCount "52"]
[EventDate "2006.12.27"]
[EventType "team-swiss"]
[EventRounds "7"]
[EventCountry "GER"]
[SourceTitle "EXT 2008"]
[Source "ChessBase"]
[SourceDate "2007.11.25"]
[SourceVersion "1"]
[SourceVersionDate "2007.11.25"]
[SourceQuality "1"]
[WhiteTeam "Grossenseebach"]
[BlackTeam "Dresden Gruen Weiss"]
[WhiteTeamCountry "GER"]
[BlackTeamCountry "GER"]

1. e4 c5 2. Nf3 Nc6 3. Bb5 e6 4. Bxc6 bxc6 5. d3 Ne7 6. 0-0 Ng6 7. Ng5 f6 8. Nh3 Be7 9. f4 0-0 10. c4 d6 11. Nc3 f5 12. Qh5 d5 13. e5 dxc4 14. dxc4 Qd4+ 15. Rf2 Qxc4 16. Be3 Qb4 17. Ng5 Bxg5 18. Qxg5 Ba6 19. Rd1 Bc4 20. h4 Rf7 21. Rd8+ Rxd8 22. Qxd8+ Nf8 23. Qd6 Bd5 24. Qxc5 Qxc5 25. Bxc5 Rb7 26. Be3 Nd7 1/2-1/2

[Event "Nuremberg LGA Cup 3rd"]
[Site "Nuremberg"]
[Date "2006.09.10"]
[Round "6.10"]
[White "Levin, Felix"]
[Black "Schneider, David"]
[Result "1-0"]
[WhiteElo "2500"]
[BlackElo "2202"]
[PlyCount "61"]
[EventDate "2006.09.07"]
[EventType "swiss"]
[EventRounds "7"]
[EventCountry "GER"]
[SourceTitle "CBM 114 Extra"]
[Source "ChessBase"]
[SourceDate "2006.11.03"]
[SourceVersion "1"]
[SourceVersionDate "2006.11.03"]
[SourceQuality "1"]

1. d4 Nf6 2. c4 e6 3. Nc3 Bb4 4. Qc2 c5 5. dxc5 0-0 6. a3 Bxc5 7. Nf3 b6 8. Bf4 Bb7 9. Rd1 Nh5 10. Ng5 g6 11. Bc1 Be7 12. Nf3 f5 13. Bh6 Re8 14. e3 Na6 15. Be2 Nf6 16. Nd4 Qb8 17. 0-0 Nc5 18. h3 Nfe4 19. Nxe4 Nxe4 20. Bf4 e5 21. Bh2 d6 22. Nb3 Qc7 23. f3 Nc5 24. Nc1 Rad8 25. Na2 Bg5 26. Qc1 Ne6 27. Rfe1 d5 28. Qc3 d4 29. exd4 Nxd4 30. Bf1 Bf4 31. Nb4 1-0

[Event "Nuremberg LGA Cup 3rd"]
[Site "Nuremberg"]
[Date "2006.09.08"]
[Round "2"]
[White "Ginsburg, Gennadij"]
[Black "Schneider, David"]
[Result "1-0"]
[WhiteElo "2506"]
[BlackElo "2202"]
[PlyCount "118"]
[EventDate "2006.09.07"]
[EventType "swiss"]
[EventRounds "7"]
[EventCountry "GER"]
[SourceTitle "CBM 114 Extra"]
[Source "ChessBase"]
[SourceDate "2006.11.03"]
[SourceVersion "1"]
[SourceVersionDate "2006.11.03"]
[SourceQuality "1"]

1. e4 c5 2. Nf3 e6 3. d4 cxd4 4. Nxd4 a6 5. Bd3 Bc5 6. Nb3 Ba7 7. c4 Nc6 8. Nc3 d6 9. 0-0 Nf6 10. Bf4 Ne5 11. Be2 Qc7 12. Rc1 0-0 13. Nd2 Bd4 14. Ndb1 Qb6 15. Rc2 Ng6 16. Na4 Qc6 17. Qxd4 Nxf4 18. Nb6 e5 19. Qe3 Rb8 20. f3 Ne6 21. Nd5 Qc5 22. Nxf6+ gxf6 23. Qf2 Qxf2+ 24. Kxf2 f5 25. Nc3 Nd4 26. Rd2 Be6 27. Bd3 f4 28. Ne2 Nc6 29. Rc1 Rfd8 30. g3 fxg3+ 31. hxg3 Rbc8 32. b3 Ne7 33. g4 Ng6 34. Ke3 Kg7 35. Rh1 Rc5 36. Ng3 Nf4 37. Rdh2 Rh8 38. Nh5+ Nxh5 39. Rxh5 f6 40. Rh6 Bf7 41. R6h2 Bg6 42. Rd2 Kf7 43. Rhd1 Ke7 44. Bf1 Rd8 45. b4 Rcc8 46. Rh2 Rc7 47. a4 Rcc8 48. a5 Rc7 49. Rd5 Rcc8 50. b5 Rh8 51. Rhd2 Rhd8 52. bxa6 bxa6 53. c5 Rxc5 54. Rxc5 dxc5 55. Rxd8 Kxd8 56. Bxa6 h5 57. gxh5 Bxh5 58. Bc4 Kc7 59. f4 Kc6 1-0